00775cam a22002533a 450000100060000000300060000600500170001200800410002904000150007004200070008505000070009210000370009924500770013626000290021350600300024251600200027265300330029265300330032565300320035865300400039070000200043083000290045085600420047924608PGUSA20140828083528.0080214s2008||||xxu|||||s|||||000 1 eng d aPGUSAbeng adc 4aPZ1 aBailey, Arthur Scott,d1877-194914aThe Tale of Kiddie Katydidh[electronic resource] /cArthur Scott Bailey bProject Gutenberg,c2008 aPublic domain in the USA. aElectronic text aKatydids -- Juvenile fiction aChildren's stories, American aAnimals -- Juvenile fiction aConduct of life -- Juvenile fiction1 aSmith, Harry L. 0aProject Gutenbergv2460840uhttp://www.gutenberg.org/ebooks/24608